Statistiques concernant Appellations Vins du Beaujolais

Cliquez ici pour prendre le quiz!

Statistiques générales

  • Ce quiz a été pris 287 fois
  • Le résultat moyen est 8 sur 12

Statistiques - réponses

Beaujolais% Correct
R,B,RBeaujolais
83%
RMorgon
80%
RSaint-Amour
75%
RMoulin-à-Vent
72%
RJuliénas
71%
RBrouilly
67%
RFleurie
65%
R,B,RBeaujolais Villages
57%
RChénas
52%
RRégnié
49%
RCôte-de-Brouilly
46%
RChiroubles
43%

Distribution des résultats

Percentile par nombre de réponses

% des personnes avec chaque résultat

Votre développement - résultats

Vous n’avez pas pris ce quiz